[Event "TCh-LTU 2012"]
[Site "Lithuania LTU"]
[Date "2012.02.11"]
[Round "4"]
[White "Beliajev,D"]
[Black "Kalvaitis,S"]
[Result "1/2-1/2"]
[WhiteElo "2150"]
[BlackElo "2252"]
[WhiteTeam "Bokstas (Klaipeda)"]
[BlackTeam "VSK Bokstas (Plunge)"]
[WhiteFideId "12802093"]
[BlackFideId "12802638"]
[EventDate "2012.01.21"]
[EventType "team"]

1. e4 e6 2. d3 d5 3. Nd2 Nf6 4. Ngf3 Be7 5. g3 O-O 6. Bg2 c5 7. O-O Nc6 8. c3 b6
9. Re1 dxe4 10. dxe4 e5 11. Nc4 Qc7 12. Qc2 Rd8 13. Bg5 h6 14. Bxf6 Bxf6 15. Ne3
Ne7 1/2-1/2

[Event "TCh-LTU 2012"]
[Site "Lithuania LTU"]
[Date "2012.02.11"]
[Round "4"]
[White "Setkauskas,V"]
[Black "Babrauskas,Darius"]
[Result "1-0"]
[WhiteElo "2161"]
[BlackElo "2104"]
[WhiteTeam "VSK Bokstas (Plunge)"]
[BlackTeam "Bokstas (Klaipeda)"]
[WhiteFideId "12803936"]
[BlackFideId "12805602"]
[EventDate "2012.01.21"]
[EventType "team"]

1. e4 c5 2. Nc3 Nc6 3. f4 d6 4. Nf3 Nf6 5. Bc4 e6 6. d3 Be7 7. O-O O-O 8. a4 a6
9. Kh1 Bd7 10. e5 Ne8 11. Bb3 Qc7 12. Qe1 Nd4 13. Nxd4 cxd4 14. Nd1 Bc6 15. c3
Rb8 16. cxd4 Qb6 17. Bc4 dxe5 18. dxe5 Bb4 19. Qg3 Qa5 20. f5 exf5 21. Ne3 b5
22. axb5 Qxa1 23. bxc6 Kh8 24. d4 Qb1 25. Nd5 Qc2 26. b3 Ba5 27. Ba3 Rg8 28. Ne3
Qe4 29. d5 Bc3 30. e6 fxe6 31. dxe6 Be5 32. Qf3 Nd6 33. Qxe4 fxe4 34. e7 Ra8 35.
Bxg8 Rxg8 36. Bxd6 Bxd6 37. Rf8 1-0

[Event "TCh-LTU 2012"]
[Site "Lithuania LTU"]
[Date "2012.02.11"]
[Round "4"]
[White "Zirnovas,M"]
[Black "Rimeikis,A"]
[Result "0-1"]
[WhiteElo "1861"]
[BlackElo "2065"]
[WhiteTeam "Bokstas (Klaipeda)"]
[BlackTeam "VSK Bokstas (Plunge)"]
[WhiteFideId "12803880"]
[BlackFideId "12803910"]
[EventDate "2012.01.21"]
[EventType "team"]

1. e4 e5 2. Nf3 Nc6 3. Bb5 a6 4. Ba4 Nf6 5. O-O b5 6. Bb3 Be7 7. Re1 O-O 8. c3
d5 9. exd5 Nxd5 10. Nxe5 Nxe5 11. Rxe5 c6 12. d4 Bd6 13. Re1 Qh4 14. g3 Qh3 15.
Be3 Bg4 16. Qd3 Rae8 17. Nd2 f5 18. Qf1 Qh5 19. f4 Kh8 20. Bf2 g5 21. a4 gxf4
22. Bxd5 cxd5 23. axb5 Be2 24. Qg2 f3 25. Qh1 axb5 26. h3 Rg8 27. Kh2 Bxg3+ 28.
Bxg3 Rxg3 29. Kxg3 Qg5+ 30. Kh2 Qf4+ 31. Kg1 Qg3+ 0-1

[Event "TCh-LTU 2012"]
[Site "Lithuania LTU"]
[Date "2012.02.11"]
[Round "4"]
[White "Vaicekauskas,G"]
[Black "Galuscak,Viktoras"]
[Result "1-0"]
[WhiteElo "2049"]
[BlackElo "1821"]
[WhiteTeam "VSK Bokstas (Plunge)"]
[BlackTeam "Bokstas (Klaipeda)"]
[WhiteFideId "12805459"]
[BlackFideId "12804932"]
[EventDate "2012.01.21"]
[EventType "team"]

1. e4 e5 2. Nf3 Nc6 3. Nc3 Bc5 4. Nxe5 Nxe5 5. d4 Bd6 6. dxe5 Bxe5 7. Bc4 Nf6 8.
Bg5 h6 9. Bh4 Bxc3+ 10. bxc3 Qe7 11. O-O O-O 12. Re1 Qc5 13. Qd4 Qxd4 14. cxd4
g5 15. Bg3 d6 16. h3 Bd7 17. e5 Nh5 18. Bh2 d5 19. Bxd5 c6 20. Bf3 Ng7 21. Rab1
b6 22. c4 Rad8 23. d5 Rfe8 24. e6 fxe6 25. dxc6 Bc8 26. Be5 Kf7 27. c7 Rd3 28.
Rbd1 Rxf3 29. gxf3 Nf5 30. Rd8 Nh4 31. Re3 Ng6 32. Bg3 Ne7 33. Red3 Nc6 34. Rxe8
Kxe8 35. Rd6 Ne7 36. Rd8+ Kf7 37. Bd6 1-0

[Event "TCh-LTU 2012"]
[Site "Lithuania LTU"]
[Date "2012.02.11"]
[Round "4"]
[White "Zilinskas,V"]
[Black "Grybas,G"]
[Result "1-0"]
[WhiteElo "2138"]
[BlackElo "2060"]
[WhiteTeam "Drakonas (Siauliai)"]
[BlackTeam "LASF"]
[WhiteFideId "12805483"]
[BlackFideId "12805130"]
[EventDate "2012.01.21"]
[EventType "team"]

1. e4 c6 2. d4 d5 3. e5 Bf5 4. Nc3 e6 5. g4 Bg6 6. Nge2 Bb4 7. Nf4 Ne7 8. h4 h6
9. Be3 Nd7 10. Nxg6 Nxg6 11. f4 Nxh4 12. Bf2 Ng6 13. Qf3 Qa5 14. f5 Ngxe5 15.
dxe5 Nxe5 16. Qg3 f6 17. Be2 exf5 18. gxf5 O-O-O 19. Kf1 Rd7 20. Nd1 d4 21. Rh4
Rhd8 22. Bd3 Bd2 23. Re4 Bg5 24. Be1 Qd5 25. Qg2 c5 26. Re2 Nxd3 27. Qxd5 Rxd5
28. cxd3 Rxf5+ 29. Kg2 h5 30. Nf2 Be3 31. Ne4 Rdd5 32. Bg3 Kd7 33. Rc2 b6 34. b4
g5 35. bxc5 bxc5 36. Rb1 h4 37. Rb7+ Kc6 38. Rc7+ Kb6 39. Rb2+ Ka6 40. Rc6+ Ka5
41. Be1+ 1-0

[Event "TCh-LTU 2012"]
[Site "Lithuania LTU"]
[Date "2012.02.11"]
[Round "4"]
[White "Kuvsinov,A"]
[Black "Tamosaitis,R"]
[Result "0-1"]
[WhiteElo "1969"]
[BlackElo "2146"]
[WhiteTeam "LASF"]
[BlackTeam "Drakonas (Siauliai)"]
[WhiteFideId "12801690"]
[BlackFideId "12805394"]
[EventDate "2012.01.21"]
[EventType "team"]

1. e4 c6 2. d4 g6 3. Nf3 Bg7 4. Bd3 d5 5. e5 h5 6. Nc3 Nh6 7. Ne2 Bg4 8. Ng3 e6
9. h3 Bxf3 10. Qxf3 h4 11. Nf1 c5 12. Bb5+ Nc6 13. Bxc6+ bxc6 14. Qc3 cxd4 15.
Qxc6+ Kf8 16. Qc5+ Kg8 17. Qxd4 Nf5 18. Qd3 Bxe5 19. Ne3 Nxe3 20. Qxe3 Qf6 21.
Rb1 Rh5 22. O-O Rc8 23. Qd3 Rf5 24. c3 Rc4 25. Be3 a5 26. Rbd1 a4 27. a3 Bc7 28.
Bd4 e5 29. Ba7 e4 30. Qe3 Qd6 31. f4 exf3 32. Rxf3 Qh2+ 33. Kf1 Re4 34. Qf2 Bg3
35. Rxf5 Bxf2 0-1

[Event "TCh-LTU 2012"]
[Site "Lithuania LTU"]
[Date "2012.02.11"]
[Round "4"]
[White "Berginas,S"]
[Black "Plunge,G"]
[Result "0-1"]
[WhiteElo "1688"]
[BlackElo "2037"]
[WhiteTeam "LASF"]
[BlackTeam "Drakonas (Siauliai)"]
[WhiteFideId "12805009"]
[BlackFideId "12800627"]
[EventDate "2012.01.21"]
[EventType "team"]

1. d4 Nf6 2. Nf3 g6 3. c4 Bg7 4. Nc3 O-O 5. e4 d6 6. h3 Nbd7 7. Be3 e5 8. dxe5
dxe5 9. Qc2 c6 10. Rd1 Qc7 11. Be2 Nh5 12. O-O Nf4 13. Bxf4 exf4 14. Nd4 Nc5 15.
f3 Qe7 16. b4 Ne6 17. Nxe6 Bxe6 18. a3 Qg5 19. Kh1 a5 20. c5 axb4 21. axb4 Rfe8
22. Na4 Qg3 23. Nb6 Ra2 24. Qd3 Bxh3 25. gxh3 Qxh3+ 26. Kg1 Qg3+ 27. Kh1 Re5 0-1